[Event "Mitropa Cup 16th"]
[Site "Buekfuerdo"]
[Date "1995.??.??"]
[Round "2"]
[White "Mohr, Georg"]
[Black "Casagrande, Harald"]
[Result "1/2-1/2"]
[WhiteElo "2430"]
[BlackElo "2385"]
[PlyCount "31"]
[EventDate "1995.02.??"]
[EventType "team-tourn"]
[EventRounds "9"]
[EventCountry "HUN"]
[Source "ChessBase"]
[SourceDate "1995.07.01"]

1. e4 d5 2. exd5 Nf6 3. d4 Nxd5 4. c4 Nb6 5. Nc3 e5 6. d5 c6 7. Be3 cxd5 8.
cxd5 Bd6 9. Bd3 O-O 10. Qc2 f5 11. f3 Na6 12. Bxa6 bxa6 13. Nge2 Bd7 14. O-O
Qe7 15. b3 Rfc8 16. Qd3 1/2-1/2

[Event "Mitropa Cup 16th"]
[Site "Buekfuerdo"]
[Date "1995.??.??"]
[Round "2"]
[White "Mrva, Martin"]
[Black "Biolek, Richard"]
[Result "1-0"]
[WhiteElo "2400"]
[BlackElo "2455"]
[PlyCount "73"]
[EventDate "1995.02.??"]
[EventType "team-tourn"]
[EventRounds "9"]
[EventCountry "HUN"]
[Source "ChessBase"]
[SourceDate "1995.07.01"]

1. e4 e5 2. Nf3 Nc6 3. Bb5 a6 4. Ba4 Nf6 5. O-O Be7 6. Re1 b5 7. Bb3 d6 8. c3
O-O 9. h3 Na5 10. Bc2 c5 11. d4 Qc7 12. b3 cxd4 13. cxd4 Nc6 14. Bb2 Bb7 15.
Nc3 Rfc8 16. Bb1 Qd8 17. Nd5 Bf8 18. Nxf6+ Qxf6 19. d5 Ne7 20. a4 bxa4 21. Rxa4
Rcb8 22. Bd3 Bc8 23. Bf1 Rb6 24. Nd2 Qg6 25. Nc4 Rbb8 26. Ba3 Bd7 27. Bxd6 Bxa4
28. Bxb8 Rxb8 29. bxa4 Qf6 30. Qa1 Ng6 31. Rb1 Rc8 32. Rb6 Qg5 33. d6 Nh4 34.
Qc3 a5 35. Qb3 Qd8 36. Nxe5 Ng6 37. Nxf7 1-0

[Event "Mitropa Cup 16th"]
[Site "Buekfuerdo"]
[Date "1995.??.??"]
[Round "2"]
[White "Pelletier, Yannick"]
[Black "Leventic, Ivan"]
[Result "1/2-1/2"]
[WhiteElo "2420"]
[BlackElo "2400"]
[PlyCount "62"]
[EventDate "1995.02.??"]
[EventType "team-tourn"]
[EventRounds "9"]
[EventCountry "HUN"]
[Source "ChessBase"]
[SourceDate "1995.07.01"]

1. d4 Nf6 2. c4 c5 3. d5 b5 4. cxb5 a6 5. bxa6 g6 6. Nc3 Bxa6 7. e4 Bxf1 8.
Kxf1 d6 9. g3 Bg7 10. Kg2 O-O 11. Nf3 Nbd7 12. Re1 Ng4 13. Nd2 Nge5 14. Qe2 Nb6
15. f4 Ned7 16. a4 Bxc3 17. bxc3 Nxa4 18. c4 e6 19. dxe6 fxe6 20. Nf3 Qf6 21.
Ra3 Nab6 22. Bb2 e5 23. fxe5 Nxe5 24. Nxe5 dxe5 25. Rxa8 Rxa8 26. Ra1 Rxa1 27.
Bxa1 Qe6 28. Qb2 Nxc4 29. Qb8+ Kf7 30. Qa7+ Qe7 31. Qa2 Qe6 1/2-1/2

[Event "Mitropa Cup 16th"]
[Site "Buekfuerdo"]
[Date "1995.??.??"]
[Round "2"]
[White "Polak, Tomas"]
[Black "Tibensky, Robert"]
[Result "1-0"]
[WhiteElo "2420"]
[BlackElo "2425"]
[PlyCount "83"]
[EventDate "1995.02.??"]
[EventType "team-tourn"]
[EventRounds "9"]
[EventCountry "HUN"]
[Source "ChessBase"]
[SourceDate "1995.07.01"]

1. d4 Nf6 2. c4 e6 3. Nf3 b6 4. g3 Ba6 5. b3 Bb7 6. Bg2 Bb4+ 7. Bd2 a5 8. O-O
O-O 9. Qc2 c5 10. Nc3 Bxc3 11. Bxc3 Be4 12. Qb2 d6 13. Rfd1 Qe7 14. dxc5 dxc5
15. Qd2 Ra7 16. Qf4 Nbd7 17. Rd2 Ba8 18. Bxf6 Nxf6 19. Rad1 Ne4 20. Rd3 f6 21.
a4 e5 22. Qh4 h6 23. Nd2 Nd6 24. Bxa8 Rfxa8 25. e4 Nf7 26. Nf3 Qe6 27. Qh5 Re8
28. Kg2 Raa8 29. Nh4 Rad8 30. Qg6 Nh8 31. Qf5 Rxd3 32. Rxd3 Nf7 33. Rd7 Qxf5
34. Nxf5 Rd8 35. Rb7 g6 36. Ne7+ Kg7 37. Nd5 f5 38. f3 Kf8 39. Rxb6 Nd6 40.
exf5 gxf5 41. Rc6 Kf7 42. Rxc5 1-0

[Event "Mitropa Cup 16th"]
[Site "Buekfuerdo"]
[Date "1995.??.??"]
[Round "2"]
[White "Rogic, Davor"]
[Black "Huss, Andreas"]
[Result "1/2-1/2"]
[WhiteElo "2460"]
[BlackElo "2415"]
[PlyCount "159"]
[EventDate "1995.02.??"]
[EventType "team-tourn"]
[EventRounds "9"]
[EventCountry "HUN"]
[Source "ChessBase"]
[SourceDate "1995.07.01"]

1. e4 e6 2. d4 d5 3. Nd2 c5 4. exd5 exd5 5. Ngf3 Nc6 6. Bb5 Bd6 7. dxc5 Bxc5 8.
O-O Nge7 9. Nb3 Bd6 10. Re1 O-O 11. h3 h6 12. Bd2 Qb6 13. a4 a6 14. Be3 Qc7 15.
Bf1 Nf5 16. Bc5 Bxc5 17. Nxc5 Rd8 18. Nb3 Qf4 19. c3 d4 20. Nbxd4 Nfxd4 21.
Nxd4 Nxd4 22. cxd4 Be6 23. g3 Qxd4 24. Qxd4 Rxd4 25. Bg2 Rb4 26. a5 Rd8 27. Re2
Rd3 28. Rc1 Rdb3 29. Rc7 g5 30. Rd2 Rxb2 31. Rxb2 Rxb2 32. Bxb7 Rb5 33. Bxa6
Rxa5 34. Be2 Bxh3 35. g4 Ra1+ 36. Kh2 Bf1 37. Bxf1 Rxf1 38. Kg2 Ra1 39. Rc5 Ra4
40. Kg3 Rf4 41. f3 Kg7 42. Ra5 Kg6 43. Rb5 h5 44. gxh5+ Kxh5 45. Ra5 Kg6 46.
Rb5 Rf5 47. Rb8 Ra5 48. Rb6+ Kf5 49. Rc6 f6 50. Rb6 Ke5 51. Rb4 Kf5 52. Rb6 Rc5
53. Ra6 Ke5 54. Ra4 Kf5 55. Ra6 Re5 56. Rb6 Re6 57. Rb4 Rd6 58. Ra4 Kg6 59. Ra8
f5 60. Rg8+ Kh6 61. Rb8 Rd5 62. Rh8+ Kg7 63. Ra8 Rd3 64. Ra7+ Kg6 65. Ra6+ Kh5
66. Rf6 f4+ 67. Kg2 Rd2+ 68. Kh3 Rd3 69. Kg2 Rc3 70. Rf8 Rc2+ 71. Kh3 Kg6 72.
Rg8+ Kf6 73. Rf8+ Ke5 74. Rg8 Kd4 75. Rxg5 Ke3 76. Ra5 Kxf3 77. Ra3+ Ke4 78.
Ra4+ Ke3 79. Ra3+ Kf2 80. Kg4 1/2-1/2

[Event "Mitropa Cup 16th"]
[Site "Buekfuerdo"]
[Date "1995.??.??"]
[Round "2"]
[White "Schmittdiel, Eckhard"]
[Black "Ruck, Robert"]
[Result "1/2-1/2"]
[WhiteElo "2485"]
[BlackElo "2460"]
[PlyCount "61"]
[EventDate "1995.02.??"]
[EventType "team-tourn"]
[EventRounds "9"]
[EventCountry "HUN"]
[Source "ChessBase"]
[SourceDate "1995.07.01"]

1. e4 d6 2. d4 Nf6 3. f3 Nbd7 4. Nc3 e5 5. Nge2 c6 6. Be3 Be7 7. Qd2 Nb6 8.
dxe5 dxe5 9. Qxd8+ Bxd8 10. Nc1 Be6 11. Nb3 Nbd7 12. Na4 O-O 13. Kf2 Bb6 14.
Nbc5 Nxc5 15. Nxc5 Bxc5 16. Bxc5 Rfd8 17. Bd3 Ne8 18. a4 b6 19. Be3 Nd6 20. a5
c5 21. axb6 axb6 22. b4 cxb4 23. Bxb6 Rxa1 24. Rxa1 Rc8 25. Rb1 b3 26. cxb3 Rc3
27. Ke2 Rxb3 28. Bc7 Rxb1 29. Bxb1 Nc4 30. Ba2 f6 31. h4 1/2-1/2

[Event "Mitropa Cup 16th"]
[Site "Buekfuerdo"]
[Date "1995.??.??"]
[Round "2"]
[White "Sosonko, Gennadi"]
[Black "Tatai, Stefano"]
[Result "1/2-1/2"]
[WhiteElo "2535"]
[BlackElo "2430"]
[PlyCount "60"]
[EventDate "1995.02.??"]
[EventType "team-tourn"]
[EventRounds "9"]
[EventCountry "HUN"]
[Source "ChessBase"]
[SourceDate "1995.07.01"]

1. d4 Nf6 2. Nf3 e6 3. g3 d5 4. Bg2 b5 5. O-O Bb7 6. c3 a5 7. Bg5 Be7 8. Ne5
Nfd7 9. Bxe7 Qxe7 10. Nd3 c5 11. dxc5 Nxc5 12. Nxc5 Qxc5 13. Nd2 O-O 14. e4 Rd8
15. Qe2 Na6 16. Rfd1 Qb6 17. exd5 Bxd5 18. Bxd5 Rxd5 19. c4 bxc4 20. Nxc4 Qb5
21. a4 Qc5 22. Ne3 Rxd1+ 23. Rxd1 Nb4 24. Qc4 Qxc4 25. Nxc4 Nd5 26. Rd3 Rb8 27.
Nxa5 Rxb2 28. Rb3 Rxb3 29. Nxb3 Kf8 30. a5 Ke7 1/2-1/2

[Event "Mitropa Cup 16th"]
[Site "Buekfuerdo"]
[Date "1995.??.??"]
[Round "2"]
[White "Stajcic, Nikola"]
[Black "Grosar, Aljosa"]
[Result "0-1"]
[WhiteElo "2350"]
[BlackElo "2475"]
[PlyCount "82"]
[EventDate "1995.02.??"]
[EventType "team-tourn"]
[EventRounds "9"]
[EventCountry "HUN"]
[Source "ChessBase"]
[SourceDate "1995.07.01"]

1. d4 Nf6 2. c4 e6 3. Nf3 b6 4. g3 Ba6 5. Qb3 Nc6 6. Nbd2 d5 7. Qa4 Bb7 8. Bg2
Qd7 9. cxd5 exd5 10. O-O Bd6 11. Nb1 Ne4 12. Qc2 O-O 13. Nc3 Rfe8 14. Rd1 Nb4
15. Qb1 h6 16. a3 Nxc3 17. bxc3 Nc6 18. e3 Na5 19. Nd2 c5 20. e4 cxd4 21. cxd4
dxe4 22. Nxe4 Bf8 23. Bf4 Bd5 24. Nc5 Qc6 25. Bxd5 Qxd5 26. Na6 Rac8 27. Nc7
Rxc7 28. Bxc7 Nb3 29. Qa2 Qf3 30. Re1 Rxe1+ 31. Rxe1 Nxd4 32. Be5 Ne6 33. Re3
Qd1+ 34. Kg2 Bc5 35. Qe2 Qa4 36. Rf3 Ng5 37. Rd3 Bxa3 38. Rd8+ Bf8 39. Bd6 Qc6+
40. f3 Ne6 41. Qe4 Nxd8 0-1

[Event "Mitropa Cup 16th"]
[Site "Buekfuerdo"]
[Date "1995.??.??"]
[Round "2"]
[White "Timoscenko, Gennadij"]
[Black "Jirovsky, Milos"]
[Result "1/2-1/2"]
[WhiteElo "2520"]
[BlackElo "2425"]
[PlyCount "34"]
[EventDate "1995.02.??"]
[EventType "team-tourn"]
[EventRounds "9"]
[EventCountry "HUN"]
[Source "ChessBase"]
[SourceDate "1995.07.01"]

1. d4 d5 2. c4 e6 3. Nf3 c6 4. Nc3 dxc4 5. e3 b5 6. a4 Bb4 7. Bd2 a5 8. axb5
Bxc3 9. Bxc3 cxb5 10. b3 Bb7 11. bxc4 b4 12. Bb2 Nf6 13. c5 O-O 14. Bb5 Qd5 15.
O-O Bc6 16. Bxc6 Nxc6 17. Qa4 Ne4 1/2-1/2

[Event "Mitropa Cup 16th"]
[Site "Buekfuerdo"]
[Date "1995.??.??"]
[Round "2"]
[White "Wittmann, Walter"]
[Black "Gostisa, Leon"]
[Result "1/2-1/2"]
[WhiteElo "2405"]
[BlackElo "2420"]
[PlyCount "156"]
[EventDate "1995.02.??"]
[EventType "team-tourn"]
[EventRounds "9"]
[EventCountry "HUN"]
[Source "ChessBase"]
[SourceDate "1995.07.01"]

1. e4 c5 2. Nf3 e6 3. d4 cxd4 4. Nxd4 Nc6 5. Nb5 d6 6. Bf4 e5 7. Be3 Be7 8.
N1c3 a6 9. Na3 b5 10. Nd5 Rb8 11. Be2 Nf6 12. Nxf6+ Bxf6 13. O-O O-O 14. Qd2
Qc7 15. c3 Be6 16. Rfd1 Rfd8 17. c4 b4 18. Nc2 b3 19. axb3 Rxb3 20. Rxa6 Rxb2
21. Qc1 Rdb8 22. Bf1 Qb7 23. Ra1 Qb3 24. Na3 Nb4 25. Rd2 Ra2 26. Nb5 Rxa1 27.
Qxa1 Nc2 28. Qd1 Nd4 29. Nxd4 exd4 30. Bxd4 Be7 31. Qxb3 Rxb3 32. Rb2 Rxb2 33.
Bxb2 f5 34. f3 fxe4 35. fxe4 Bf6 36. Bxf6 gxf6 37. Kf2 Kf7 38. Ke3 Ke7 39. Kd4
Bf7 40. Bd3 h6 41. Bc2 Be6 42. Bb3 Bf7 43. Bd1 Bg6 44. Bg4 Bf7 45. Bc8 Bg8 46.
Bb7 Be6 47. Bd5 Bd7 48. h3 Bc8 49. Bg8 Bb7 50. Bh7 Bc6 51. Ke3 Bd7 52. Bg8 Kf8
53. Bd5 Bc8 54. Kd4 Ke7 55. g4 Bd7 56. Bg8 Bc6 57. Bh7 Be8 58. Bf5 Bc6 59. Bc8
Kd8 60. Ba6 Ke7 61. Bb5 Bb7 62. Ke3 Bc8 63. Bc6 Be6 64. Bd5 Bd7 65. Kf4 Kf8 66.
Ke3 Ke7 67. Kd4 Kf8 68. Kc3 Ke7 69. Kb4 Kd8 70. c5 dxc5+ 71. Kxc5 Ke7 72. Bb3
Bc8 73. Bd5 Bd7 74. Bc4 Ba4 75. Kd5 Bd1 76. e5 Bf3+ 77. Kd4 Bg2 78. h4 Bf3
1/2-1/2

[Event "Mitropa Cup 16th"]
[Site "Buekfuerdo"]
[Date "1995.??.??"]
[Round "3"]
[White "Banas, Jan"]
[Black "Rogic, Davor"]
[Result "1/2-1/2"]
[WhiteElo "2410"]
[BlackElo "2460"]
[PlyCount "45"]
[EventDate "1995.02.??"]
[EventType "team-tourn"]
[EventRounds "9"]
[EventCountry "HUN"]
[Source "ChessBase"]
[SourceDate "1995.07.01"]

1. c4 Nf6 2. Nc3 g6 3. e4 d6 4. d4 Bg7 5. Nge2 O-O 6. f3 Nbd7 7. Bg5 c5 8. Qd2
a6 9. d5 Ne5 10. Ng3 b5 11. cxb5 axb5 12. Bxb5 Ba6 13. O-O Bxb5 14. Nxb5 Qb6
15. a4 Nc4 16. Qc2 Na5 17. Be3 Qb7 18. Bd2 Rfb8 19. Rab1 Nd7 20. b3 Rc8 21. Kh1
Qa6 22. Ne2 Nb6 23. Bc3 1/2-1/2

[Event "Mitropa Cup 16th"]
[Site "Buekfuerdo"]
[Date "1995.??.??"]
[Round "3"]
[White "Biolek, Richard"]
[Black "Mohr, Georg"]
[Result "0-1"]
[WhiteElo "2455"]
[BlackElo "2430"]
[PlyCount "120"]
[EventDate "1995.02.??"]
[EventType "team-tourn"]
[EventRounds "9"]
[EventCountry "HUN"]
[Source "ChessBase"]
[SourceDate "1995.07.01"]

1. c4 e5 2. Nc3 Nf6 3. Nf3 Nc6 4. g3 d5 5. cxd5 Nxd5 6. Bg2 Nb6 7. O-O Be7 8.
d3 O-O 9. a4 a5 10. Be3 Bg4 11. Nd2 Re8 12. Nb3 Qc8 13. Re1 Bb4 14. Qc2 Bh3 15.
Bh1 Ne7 16. Rec1 Nd7 17. Ne4 c6 18. Nbc5 Nf5 19. Qb3 Nxc5 20. Bxc5 Nd4 21. Qd1
Bxc5 22. Rxc5 Qc7 23. e3 Ne6 24. Rc3 Bf5 25. Qb3 Ra6 26. Nc5 Rb6 27. Qc2 Nxc5
28. Rxc5 Rb4 29. Be4 Bxe4 30. dxe4 Qb6 31. Rd1 Kf8 32. Rd7 f6 33. Rc3 Rxb2 34.
Qd3 Qb4 35. Kg2 Re7 36. Rd8+ Kf7 37. Rh8 h6 38. h4 Re8 39. Rc4 Qd2 40. Qxd2
Rxd2 41. Rxe8 Kxe8 42. Rc5 Kd7 43. Rxa5 Kc7 44. Rc5 Kb6 45. Rc4 Ka5 46. h5 Ra2
47. Kf3 Rxa4 48. Rc2 Kb6 49. Kg4 Ra8 50. Kf5 Re8 51. Kg6 Re7 52. f4 c5 53. f5
Kc6 54. g4 b5 55. g5 fxg5 56. f6 gxf6 57. Kxh6 b4 58. Kg6 b3 59. Rb2 c4 60. h6
Kc5 0-1

[Event "Mitropa Cup 16th"]
[Site "Buekfuerdo"]
[Date "1995.??.??"]
[Round "3"]
[White "Casagrande, Harald"]
[Black "Marinelli, Tullio"]
[Result "0-1"]
[WhiteElo "2385"]
[BlackElo "2425"]
[PlyCount "152"]
[EventDate "1995.02.??"]
[EventType "team-tourn"]
[EventRounds "9"]
[EventCountry "HUN"]
[Source "ChessBase"]
[SourceDate "1995.07.01"]

1. Nf3 Nf6 2. d4 e6 3. Bg5 c5 4. e3 Be7 5. Nbd2 b6 6. c3 Bb7 7. Bd3 Nc6 8. Qe2
O-O 9. h4 cxd4 10. exd4 Nd5 11. O-O-O Qc7 12. Kb1 f5 13. g3 Rae8 14. Ne5 Bf6
15. f4 d6 16. Nxc6 Bxc6 17. Bxf6 Nxf6 18. Rhe1 Qb7 19. Ba6 Qd7 20. Bc4 Ne4 21.
Nxe4 Bxe4+ 22. Bd3 d5 23. Ka1 Rb8 24. Bb5 Qd6 25. Rd2 Rf7 26. Rc1 Rc7 27. a4 h6
28. Ka2 Qd8 29. b3 Rbc8 30. Kb2 Qd6 31. Ba6 Rf8 32. Qe3 Rff7 33. h5 Kh7 34. Rf2
Rf8 35. Bd3 Rfc8 36. Bxe4 fxe4 37. f5 e5 38. g4 Qf6 39. Rd2 a6 40. dxe5 Qxe5
41. Qd4 Qf4 42. Qxd5 e3 43. Re2 Re8 44. Qd3 Kh8 45. Rce1 Rce7 46. Qd4 Re4 47.
Qxb6 a5 48. Qxa5 Qxg4 49. Qc5 R4e5 50. Qd4 Qxf5 51. Ka3 Qf3 52. b4 Re4 53. Qd3
Qf4 54. a5 Qe5 55. Kb3 Qe6+ 56. Kb2 Qf6 57. Kc2 R4e5 58. Qg6 Qf4 59. Rd1 Qc4
60. Qd3 Qa2+ 61. Kc1 Qa1+ 62. Kc2 Qa4+ 63. Kb1 Qb3+ 64. Rb2 Qf7 65. Re1 e2 66.
b5 Rd5 67. Qc2 Qf1 68. Qxe2 Qf5+ 69. Ka1 Rxe2 70. Rexe2 Qf4 71. Re1 Qa4+ 72.
Ra2 Qc4 73. Rc1 Rxb5 74. a6 Qf4 75. Rb1 Rxb1+ 76. Kxb1 Qf1+ 0-1

[Event "Mitropa Cup 16th"]
[Site "Buekfuerdo"]
[Date "1995.??.??"]
[Round "3"]
[White "Costa, Jean Luc"]
[Black "Kachiani Gersinska, Ketino"]
[Result "1-0"]
[WhiteElo "2425"]
[BlackElo "2380"]
[Annotator "Hecht"]
[PlyCount "163"]
[EventDate "1995.02.??"]
[EventType "team-tourn"]
[EventRounds "9"]
[EventCountry "HUN"]
[Source "ChessBase"]
[SourceDate "1995.07.01"]

1. d4 Nf6 2. c4 e6 3. Nc3 Bb4 4. f3 c5 5. d5 Bxc3+ 6. bxc3 d6 7. e4 Qe7 8. Ne2
Nbd7 9. Ng3 Nb6 10. Be2 Bd7 11. a4 a5 12. O-O h5 13. dxe6 fxe6 14. Qb3 Ra6 15.
e5 dxe5 16. Bg5 Bc6 17. Bd3 h4 18. Bg6+ Kd8 19. Ne4 Kc8 20. Rfd1 Rd8 21. Rxd8+
Kxd8 22. Bxh4 Kc7 23. Bg3 Nfd7 24. h4 Ra8 25. Nf2 Rf8 26. Re1 Bxa4 27. Qa2 Kc8
28. Nd3 Bc6 29. Qxa5 Nxc4 30. Qa7 Qd6 31. Qa2 Bd5 32. Qe2 Kc7 33. Nf2 b5 34.
Bd3 Kb6 35. Rb1 Na3 36. Rb2 b4 37. Ne4 Qb8 38. Bf2 Kc6 39. cxb4 c4 40. b5+ Kb7
41. Bb1 Qc7 42. Nc3 Nxb1 43. Rxb1 Ra8 44. Qd2 Qd6 45. Qc1 Nc5 46. Qg5 Nd3 47.
Qxg7+ Qc7 48. Qxc7+ Kxc7 49. Be3 Rh8 50. Bg5 Kb6 51. Kf1 Rh7 52. Ke2 Nf4+ 53.
Kf2 Kc5 54. Bxf4 exf4 55. b6 Bb7 56. Ne4+ Bxe4 57. fxe4 Rb7 58. h5 c3 59. h6 c2
60. Rc1 Rxb6 61. h7 Rb8 62. Rxc2+ Kd4 63. Kf3 Ke5 64. Rc5+ Kf6 65. Rh5 Rh8 66.
e5+ (66. Kxf4 e5+ 67. Kg4 Kg6 68. g3 $18) 66... Kg6 67. Kg4 Rxh7 68. Rxh7 Kxh7
69. Kxf4 $18 Kh6 70. Kg4 (70. g4 Kg6 71. Kf3 Kh6 72. Kg2 Kg6 73. Kh3 Kg5 74.
Kg3 Kh6 75. Kh4 Kg6 76. g5 Kf5 77. Kh5 Kxe5 78. g6 Kf6 79. Kh6 $18) 70... Kg6
71. g3 Kh6 72. Kh4 Kg6 73. g4 Kh6 74. g5+ Kg6 75. Kg4 Kg7 76. Kh5 Kh7 77. g6+
Kg8 78. g7 $1 {Weiss erobert die 6.Reihe absolut mit Hilfe der Oppsition. 
Regel: Weiß gewinnt immer den Pe6, wenn er eines der drei neben dem Pe6
liegenden Felder betritt.} Kxg7 (78... Kf7 79. g8=Q+ Kxg8 80. Kg6 $18) 79. Kg5
Kf7 80. Kh6 {Gewinnfeld.  (auch b6 ist ein Gewinnfeld, nicht aber a6,  denn
gegen Ka6 kann sich Scharz mit Kc6 wehren).} Kf8 81. Kg6 Ke7 82. Kg7 1-0

[Event "Mitropa Cup 16th"]
[Site "Buekfuerdo"]
[Date "1995.??.??"]
[Round "3"]
[White "Fogarasi, Tibor"]
[Black "Van der Werf, Mark"]
[Result "1-0"]
[WhiteElo "2500"]
[BlackElo "2415"]
[PlyCount "117"]
[EventDate "1995.02.??"]
[EventType "team-tourn"]
[EventRounds "9"]
[EventCountry "HUN"]
[Source "ChessBase"]
[SourceDate "1995.07.01"]

1. e4 Nf6 2. e5 Nd5 3. d4 d6 4. Nf3 dxe5 5. Nxe5 g6 6. Bc4 c6 7. Nd2 Bg7 8.
Ndf3 O-O 9. O-O Nd7 10. Nd3 N7b6 11. Bb3 a5 12. a4 Bg4 13. c3 Nd7 14. h3 Bxf3
15. Qxf3 e6 16. Re1 Re8 17. Bd2 Qb8 18. Rad1 Qa7 19. Bg5 Qb6 20. Ba2 Rac8 21.
Re2 Qc7 22. Rde1 Qd6 23. Bh4 Qf8 24. Bb3 Bf6 25. Bg3 Red8 26. Rd1 Qg7 27. Rde1
h5 28. Bd6 Nf8 29. Qg3 Ra8 30. Nc5 b6 31. Ne4 Be7 32. Bxe7 Nxe7 33. Qc7 Nd7 34.
Nd6 Nd5 35. Qxc6 N7f6 36. Ne4 Rac8 37. Qb5 Nxe4 38. Rxe4 Qf6 39. Bxd5 exd5 40.
Re7 Qc6 41. Qxc6 Rxc6 42. Re8+ Rxe8 43. Rxe8+ Kg7 44. Rd8 Rc4 45. Rxd5 Rxa4 46.
Rb5 Ra1+ 47. Kh2 h4 48. Rxb6 a4 49. c4 a3 50. bxa3 Rxa3 51. d5 Rd3 52. d6 Kf6
53. c5 Ke6 54. Rb7 f5 55. Re7+ Kd5 56. Rc7 Ke6 57. g3 hxg3+ 58. fxg3 g5 59. d7
1-0

[Event "Mitropa Cup 16th"]
[Site "Buekfuerdo"]
[Date "1995.??.??"]
[Round "3"]
[White "Gostisa, Leon"]
[Black "Polak, Tomas"]
[Result "1/2-1/2"]
[WhiteElo "2420"]
[BlackElo "2420"]
[PlyCount "36"]
[EventDate "1995.02.??"]
[EventType "team-tourn"]
[EventRounds "9"]
[EventCountry "HUN"]
[Source "ChessBase"]
[SourceDate "1995.07.01"]

1. d4 Nf6 2. Nf3 e6 3. g3 Be7 4. Bg2 O-O 5. c4 d5 6. O-O c6 7. Qc2 Nbd7 8. b3
b6 9. Bb2 Bb7 10. Nbd2 Rc8 11. Rac1 Qc7 12. cxd5 Nxd5 13. Qb1 Qb8 14. Qa1 Rfd8
15. Nc4 Bf8 16. e4 N5f6 17. Nfe5 Nxe5 18. Nxe5 c5 1/2-1/2

[Event "Mitropa Cup 16th"]
[Site "Buekfuerdo"]
[Date "1995.??.??"]
[Round "3"]
[White "Grosar, Aljosa"]
[Black "Gross, David"]
[Result "1-0"]
[WhiteElo "2475"]
[BlackElo "2425"]
[PlyCount "87"]
[EventDate "1995.02.??"]
[EventType "team-tourn"]
[EventRounds "9"]
[EventCountry "HUN"]
[Source "ChessBase"]
[SourceDate "1995.07.01"]

1. e4 e5 2. Nf3 Nc6 3. Bc4 Bc5 4. b4 Bxb4 5. c3 Ba5 6. d4 d6 7. Qb3 Qd7 8. dxe5
dxe5 9. Ba3 Bb6 10. Nbd2 Na5 11. Qb4 c5 12. Qb2 Nxc4 13. Nxc4 Qe6 14. Nfxe5 Nf6
15. Qb5+ Bd7 16. Nxd7 Qxe4+ 17. Kd2 Qd5+ 18. Kc2 Qxd7 19. Rhe1+ Kf8 20. Bxc5+
Bxc5 21. Qxc5+ Kg8 22. Rad1 Qa4+ 23. Kb2 h6 24. Rd4 Qc6 25. Qxc6 bxc6 26. Re7
Nd5 27. Rd7 Kh7 28. Rxf7 Rhf8 29. Rxf8 Rxf8 30. Rd2 Rf7 31. Ne5 Rb7+ 32. Kc2
Rb6 33. Rd4 Ra6 34. a4 Nb6 35. Kb3 c5 36. Rd6 Ra5 37. Rc6 h5 38. f4 Kg8 39. g3
Kh7 40. h3 Kg8 41. g4 h4 42. g5 Kf8 43. c4 Ke7 44. f5 1-0

[Event "Mitropa Cup 16th"]
[Site "Buekfuerdo"]
[Date "1995.??.??"]
[Round "3"]
[White "Huss, Andreas"]
[Black "Schmittdiel, Eckhard"]
[Result "1-0"]
[WhiteElo "2415"]
[BlackElo "2485"]
[PlyCount "33"]
[EventDate "1995.02.??"]
[EventType "team-tourn"]
[EventRounds "9"]
[EventCountry "HUN"]
[Source "ChessBase"]
[SourceDate "1995.07.01"]

1. d4 e6 2. c4 f5 3. Nf3 Nf6 4. e3 b6 5. Bd3 Bb7 6. Nbd2 c5 7. O-O Bd6 8. d5
exd5 9. Bxf5 Be7 10. cxd5 Nxd5 11. e4 Nf4 12. Nc4 Ne6 13. Nfe5 O-O 14. Qh5 Rxf5
15. exf5 Nd4 16. Re1 Qf8 17. Ng6 1-0

[Event "Mitropa Cup 16th"]
[Site "Buekfuerdo"]
[Date "1995.??.??"]
[Round "3"]
[White "Jirovsky, Milos"]
[Black "Sermek, Drazen"]
[Result "1/2-1/2"]
[WhiteElo "2425"]
[BlackElo "2515"]
[PlyCount "23"]
[EventDate "1995.02.??"]
[EventType "team-tourn"]
[EventRounds "9"]
[EventCountry "HUN"]
[Source "ChessBase"]
[SourceDate "1995.07.01"]

1. c4 c5 2. Nf3 Nc6 3. Nc3 g6 4. g3 Bg7 5. Bg2 e6 6. O-O Nge7 7. e3 O-O 8. d4
cxd4 9. Nxd4 d5 10. cxd5 Nxd4 11. exd4 Nxd5 12. Nxd5 1/2-1/2

[Event "Mitropa Cup 16th"]
[Site "Buekfuerdo"]
[Date "1995.??.??"]
[Round "3"]
[White "Jukic, Branimir"]
[Black "Mrva, Martin"]
[Result "1-0"]
[WhiteElo "2415"]
[BlackElo "2400"]
[PlyCount "61"]
[EventDate "1995.02.??"]
[EventType "team-tourn"]
[EventRounds "9"]
[EventCountry "HUN"]
[Source "ChessBase"]
[SourceDate "1995.07.01"]

1. e4 c5 2. Nf3 Nc6 3. d4 cxd4 4. Nxd4 e5 5. Nb5 Nf6 6. N1c3 d6 7. Nd5 Nxd5 8.
exd5 Nb8 9. c4 Be7 10. Be2 O-O 11. O-O f5 12. f4 a6 13. Nc3 Nd7 14. Kh1 Bf6 15.
Be3 exf4 16. Bxf4 Ne5 17. Rc1 b6 18. b4 a5 19. a3 axb4 20. axb4 Bd7 21. Qb3 Kh8
22. Be3 Bg5 23. Bxg5 Qxg5 24. Rce1 Rac8 25. c5 bxc5 26. bxc5 dxc5 27. Qb7 Rce8
28. Qc7 Qe3 29. Bh5 Qxc3 30. Bxe8 Nd3 31. Qxd7 1-0

[Event "Mitropa Cup 16th"]
[Site "Buekfuerdo"]
[Date "1995.??.??"]
[Round "3"]
[White "Kuijf, Marinus"]
[Black "Gyimesi, Zoltan"]
[Result "1/2-1/2"]
[WhiteElo "2465"]
[BlackElo "2500"]
[PlyCount "88"]
[EventDate "1995.02.??"]
[EventType "team-tourn"]
[EventRounds "9"]
[EventCountry "HUN"]
[Source "ChessBase"]
[SourceDate "1995.07.01"]

1. e4 e5 2. Bc4 Nf6 3. d3 Nc6 4. Nc3 Bb4 5. Nge2 d5 6. exd5 Nxd5 7. O-O Be6 8.
Bxd5 Bxd5 9. f4 Bxc3 10. bxc3 O-O 11. c4 Be6 12. Rb1 Bg4 13. h3 Bxe2 14. Qxe2
b6 15. fxe5 Qd4+ 16. Kh1 Qxe5 17. Qg4 f5 18. Qh5 Nd4 19. Bb2 g6 20. Qh4 c5 21.
Rfe1 Qf6 22. Qxf6 Rxf6 23. Bxd4 cxd4 24. Kg1 Kf7 25. Rb5 Rd8 26. a4 Re6 27.
Rxe6 Kxe6 28. a5 Rd6 29. Kf2 h6 30. Ke2 Kf6 31. axb6 axb6 32. Kf3 g5 33. g3 Kg6
34. Re5 Kf6 35. Re8 Kf7 36. Re5 Kf6 37. Rb5 Kg6 38. Rb1 Re6 39. Kf2 Kf6 40. Rb5
Rd6 41. g4 f4 42. h4 Kg6 43. Rf5 Rd7 44. Rb5 Rd6 1/2-1/2

[Event "Mitropa Cup 16th"]
[Site "Buekfuerdo"]
[Date "1995.??.??"]
[Round "3"]
[White "Manik, Mikulas"]
[Black "Loncar, Robert"]
[Result "1-0"]
[WhiteElo "2380"]
[BlackElo "2385"]
[PlyCount "85"]
[EventDate "1995.02.??"]
[EventType "team-tourn"]
[EventRounds "9"]
[EventCountry "HUN"]
[Source "ChessBase"]
[SourceDate "1995.07.01"]

1. e4 g6 2. d4 c6 3. Nc3 d5 4. h3 Bg7 5. Nf3 Nh6 6. Bf4 f6 7. Qd2 Nf7 8. Be3
O-O 9. O-O-O Qa5 10. Kb1 Nd6 11. exd5 cxd5 12. Bf4 Nc6 13. Bxd6 exd6 14. Nb5
Qd8 15. Qf4 a6 16. Nxd6 Qc7 17. Qg3 Be6 18. Nf5 Qa5 19. Nxg7 Kxg7 20. c3 Bf5+
21. Bd3 Bxd3+ 22. Rxd3 Qb5 23. Nh4 f5 24. f4 Rae8 25. Re3 Re4 26. Rhe1 Na5 27.
Rxe4 dxe4 28. Qe3 Nc4 29. Qe2 Qd5 30. b3 Nd6 31. Qe3 b5 32. g4 a5 33. Kb2 Rc8
34. gxf5 b4 35. cxb4 axb4 36. fxg6 Qa5 37. gxh7 Qa3+ 38. Kb1 Kh8 39. Qg3 Ra8
40. Ng6+ Kxh7 41. Nf8+ Rxf8 42. Rg1 Nf5 43. Qg6+ 1-0